000 00606nam a2200217Ia 4500
003 GCL
008 140319s9999 xx 000 0 ara d
040 _aGCL /
_cGCL
082 0 4 _a227
_bم ا
100 1 _aمحمود محمد ربيع
245 1 0 _aاسرار التاويل /
_cمحمود محمد ربيع
260 _a[S.N] :
_bالهيئة المصرية العامة للكتاب ،
_c1993
300 _a250 ص
490 _a
650 0 4 _aالاسلام
650 0 4 _aالديانات
650 0 4 _aتفاسير
650 0 4 _aالتأويل
650 0 4 _aالقران
942 _2ddc
_cBK
999 _c29538
_d29538